00000000cas 2200000zi 4500
0019.943021
003CaOODSP
00520260508080502
006m     o  d f      
007cr cn ||||||||
008240909c20249999oncar p o    f0###b0fre|d
022 |a2818-6281
040 |aCaOODSP|bfre|erda|cCaOODSP
043 |an-cn---
0861 |aIN3-45F-PDF
1102 |aBureau du surintendant des institutions financières Canada.|eauteur, |eorganisme de publication.
222 0|aRapport sur la stratégie ministérielle de développement durable de ...|b(Bureau du surintendant des institutions financières Canada)
24510|aRapport sur la stratégie ministérielle de développement durable de ...
264 1|aOttawa, ON : |bBureau du surintendant des institutions financières Canada = Office of the Superintendent of Financial Institutions Canada, |c2024-
310 |aAnnuel
336 |atexte|btxt|2rdacontent/fre
337 |ainformatique|bc|2rdamedia/fre
338 |aressource en ligne|bcr|2rdacarrier/fre
3621 |aParaît depuis : 2023 à 2024.
500 |aPublié aussi en anglais sous le titre : ... departmental sustainable development strategy report.
588 |aDescription d'après : 2023 à 2024; titre de la page couverture du fichier PDF.
588 |aDernière livraison consultée : 2023 à 2024.
61026|aBureau du surintendant des institutions financieĢ€res Canada|vPériodiques.
650 6|aDéveloppement durable|xPolitique gouvernementale|zCanada|vPériodiques.
655 7|aPériodiques|2rvmgf
77508|t... departmental sustainable development strategy report.|w(CaOODSP)9.943022